CHECK IT OUT! / (Record no. 182618)
[ view plain ]
| 000 -LEADER | |
|---|---|
| fixed length control field | 01374cam a2200409 i 4500 |
| 001 - CONTROL NUMBER | |
| control field | vtls000889399 |
| 003 - CONTROL NUMBER IDENTIFIER | |
| control field | PNM |
| 005 - DATE AND TIME OF LATEST TRANSACTION | |
| control field | 20210314132004.0 |
| 008 - FIXED-LENGTH DATA ELEMENTS--GENERAL INFORMATION | |
| fixed length control field | 191029s2020 my e 000 0 may |
| 015 ## - NATIONAL BIBLIOGRAPHY NUMBER | |
| National bibliography number | M20-05372 |
| 020 ## - INTERNATIONAL STANDARD BOOK NUMBER | |
| International Standard Book Number | 9789830978680 |
| Qualifying information | paperback |
| Terms of availability | RM20.00 |
| 039 #9 - LEVEL OF BIBLIOGRAPHIC CONTROL AND CODING DETAIL [OBSOLETE] | |
| Level of rules in bibliographic description | 202102171148 |
| Level of effort used to assign nonsubject heading access points | noorul |
| Level of effort used to assign subject headings | 202101051028 |
| Level of effort used to assign classification | hisyamuddin_m |
| Level of effort used to assign subject headings | 202012241204 |
| Level of effort used to assign classification | hisyamuddin_m |
| Level of effort used to assign subject headings | 202009221623 |
| Level of effort used to assign classification | rosliza |
| 040 ## - CATALOGING SOURCE | |
| Original cataloging agency | BNM |
| Language of cataloging | eng |
| Transcribing agency | BNM |
| Modifying agency | PNM |
| -- | PPAK |
| Description conventions | rda |
| 049 ## - LOCAL HOLDINGS (OCLC) | |
| Holding library | mal |
| 082 04 - DEWEY DECIMAL CLASSIFICATION NUMBER | |
| Classification number | 808.882 |
| Edition number | 23 |
| 090 00 - LOCALLY ASSIGNED LC-TYPE CALL NUMBER (OCLC); LOCAL CALL NUMBER (RLIN) | |
| Classification number (OCLC) (R) ; Classification number, CALL (RLIN) (NR) | 808.882 |
| Feature heading | BON |
| Feature heading | G |
| 100 0# - MAIN ENTRY--PERSONAL NAME | |
| Personal name | Bonda Nor, |
| Dates associated with a name | 1977- |
| Relator term | author. |
| 245 10 - TITLE STATEMENT | |
| Title | CHECK IT OUT! / |
| Statement of responsibility, etc. | BONDA NOR ; Editor Rosmawati Saidin |
| 264 #1 - PRODUCTION, PUBLICATION, DISTRIBUTION, MANUFACTURE, AND COPYRIGHT NOTICE | |
| Place of production, publication, distribution, manufacture | Petaling Jaya, Selangor : |
| Name of producer, publisher, distributor, manufacturer | Galeri Ilmu Sdn. Bhd., |
| Date of production, publication, distribution, manufacture, or copyright notice | [2020] |
| 300 ## - PHYSICAL DESCRIPTION | |
| Extent | i, 178 pages ; |
| Dimensions | 22 cm |
| 336 ## - CONTENT TYPE | |
| Content type term | text |
| Source | rdacontent |
| 337 ## - MEDIA TYPE | |
| Media type term | unmediated |
| Source | rdamedia |
| 338 ## - CARRIER TYPE | |
| Carrier type term | volume |
| Source | rdacarrier |
| 650 10 - SUBJECT ADDED ENTRY--TOPICAL TERM | |
| Topical term or geographic name entry element | Anecdotes |
| Topical term or geographic name entry element | Muslims |
| General subdivision | Conduct of life |
| Form subdivision | Anecdotes |
| Topical term or geographic name entry element | Religious life |
| General subdivision | Islam |
| Form subdivision | Anecdotes |
| 700 0# - ADDED ENTRY--PERSONAL NAME | |
| Personal name | Rosmawati Saidin, |
| Relator term | editor. |
| 942 ## - ADDED ENTRY ELEMENTS (KOHA) | |
| Source of classification or shelving scheme | Dewey Decimal Classification |
| Koha item type | Book |
| 949 ## - LOCAL PROCESSING INFORMATION (OCLC) | |
| 6 | 1001345729 |
| e | 2672357 |
| 6 | 2000701151 |
| a | 808.882 BON M |
| 6 | 2000701149 |
| a | 808.882 BON M |
| 6 | 2000701150 |
| a | 808.882 BON M |
| 6 | 1001347000 |
| e | 2674892 |
| 6 | 1001347001 |
| e | 2674893 |
| s | 3712:20210105 |
| 6 | 1001347002 |
| e | 2674894 |
| s | 3712:20210105 |
| 6 | 1001347003 |
| e | 2674895 |
| s | 3712:20210105 |
| Withdrawn | Not for loan | Current library | Shelving location | Date acquired | Total Checkouts | Full call number | Barcode | Date last seen | Date last checked out | Koha item type | Total Renewals |
|---|---|---|---|---|---|---|---|---|---|---|---|
| Perpustakaan Alor Setar | Pinjaman Dewasa | 24/03/2021 | 1 | 808.882 BON | A01682274 | 09/01/2023 | 22/12/2022 | Book | |||
| Perpustakaan Awam Sungai Petani | Pinjaman Dewasa | 24/03/2021 | 808.882 BON | A01682275 | 24/03/2021 | Book | |||||
| Perpustakaan Baling | Pinjaman Dewasa | 24/03/2021 | 808.882 BON | A01682277 | 24/03/2021 | Book | |||||
| Perpustakaan Bandar Baharu | Pinjaman Dewasa | 24/03/2021 | 808.882 BON | A01682278 | 24/03/2021 | Book | |||||
| Perpustakaan Kuala Nerang | Pinjaman Dewasa | 24/03/2021 | 2 | 808.882 BON | A01682282 | 16/04/2023 | 02/04/2023 | Book | |||
| Perpustakaan Kulim | Pinjaman Dewasa | 24/03/2021 | 1 | 808.882 BON | A01682276 | 04/02/2025 | 14/01/2025 | Book | |||
| Perpustakaan Merbok | Pinjaman Dewasa | 24/03/2021 | 808.882 BON | A01682279 | 24/03/2021 | Book | |||||
| Perpustakaan Pendang | Pinjaman Dewasa | 24/03/2021 | 1 | 808.882 BON | A01682283 | 17/11/2022 | 10/11/2022 | Book | |||
| Perpustakaan Sik | Pinjaman Dewasa | 24/03/2021 | 1 | 808.882 BON | A01682281 | 19/04/2022 | 14/03/2022 | Book | 1 | ||
| Perpustakaan Yan | Pinjaman Dewasa | 24/03/2021 | 808.882 BON | A01682280 | 24/03/2021 | Book | |||||
| PD03, Kg. Pulau Pisang, Jitra | Pinjaman Dewasa | 24/03/2021 | 808.882 BON | A01682285 | 24/03/2021 | Book | |||||
| PD08, Felda Gunung Bongsu, Kulim | Pinjaman Dewasa | 24/03/2021 | 808.882 BON | A01682287 | 24/03/2021 | Book | |||||
| T-PD26, Kg. Lubuk Batu, Jitra | Pinjaman Dewasa | 24/03/2021 | 808.882 BON | A01682284 | 24/03/2021 | Book |